Direct taxes (Record no. 29502)

MARC details
000 -LEADER
fixed length control field 00304nam a2200133Ia 4500
082 ## - DEWEY DECIMAL CLASSIFICATION NUMBER
Classification number 336.21
Item number VAI
100 ## - MAIN ENTRY--AUTHOR NAME
Personal name PANANDIKER, S
245 #0 - TITLE STATEMENT
Title Direct taxes
260 ## - PUBLICATION, DISTRIBUTION, ETC. (IMPRINT)
Place of publication Delhi
Name of publisher Vikas
Year of publication 1978
650 ## - SUBJECT ADDED ENTRY--TOPICAL TERM
Topical Term Tax reform
700 ## - ADDED ENTRY--PERSONAL NAME
Personal name VAISH, O P
942 ## - ADDED ENTRY ELEMENTS (KOHA)
Koha item type Books
Holdings
Withdrawn status Lost status Damaged status Not for loan Home library Current library Date acquired Full call number Accession Number Koha item type
        RRII Library RRII Library 16/12/2021 336.21 VAI 10089 Books